000 01011nam a2200289 i 4500
001 bg
100 1 _aLISOWSKI, Edward
245 1 0 _aProgramy AutoCAD 2000 i InterCAD Windows wspomagane aplikacjami przygotowanymi w DELPHI :
_bpodręcznik dla studentów wyższych szkół technicznych /
_cEdward Lisowski, Wojciech Czyżycki ; Politechnika Krakowska im. Tadeusza Kościuszki.
246 1 8 _aAutoCAD 2000, InterCAD i Delphi
260 _aKraków :
_bPK,
_c2000.
300 _a285 s. :
_bil. ;
_c24 cm +
_eCD ROM.
500 _aTyt. grzbiet.: AutoCAD 2000, InterCAD i Delphi.
504 _aBibliogr.
650 9 _aAutoCAD
650 9 _aDelphi
650 9 _aInterCAD
655 _aPodręczniki akademickie
700 1 _aCZYŻYCKI, Wojciech
710 0 _aPolitechnika Krakowska im. Tadeusza Kościuszki
020 _a8372421277
040 _cBPK
041 0 _apl
080 _a004.42:004.92:004.438A/Z](07)
920 _a83-7242-127-7
942 _cKS
008 s pl f |000 0 pol
999 _c39927
_d39927
856 _uhttp://koha.tu.koszalin.pl/cgi-bin/koha/opac-detail.pl?biblionumber=39927
_yKatalog online BPK